| 000 | 00376nam a2200157Ia 4500 | ||
|---|---|---|---|
| 100 | _aMaccall/W.T | ||
| 650 | _aElectrical Engineering | ||
| 942 | _cBK | ||
| 654 | _aContinuous Current. | ||
| 245 | _aContinuous Current Electrical Engg. | ||
| 260 |
_bUniversity Tutorial Press. _aLondon _c1932 |
||
| 082 |
_a621.3 _bMac |
||
| 300 | _a466 | ||
| 546 | _aENGLISH | ||
| 999 |
_c31466 _d31466 |
||